000 00396nam a2200145Ia 4500
008 151213s9999 xx 000 0 und d
100 _aEd. Marvin Mudrick
245 _aConrad : A Collection of Critical Essays
_cEd. Marvin Mudrick
260 _aU S A
_bPrentic Hall
_c1966
300 _a8679 p.
650 _aCritical Essays
650 _aEnglish
700 _aEd. Marvin Mudrick
999 _c4465
_d4465